[Event "ROM-ch U16"]
[Site "Baile Felix"]
[Date "2017.02.07"]
[Round "7"]
[White "Oprescu, Teodor Gabriel"]
[Black "Gotsman, Szabolcs Mihaly"]
[Result "1-0"]
[WhiteElo "1476"]
[BlackElo "1260"]
[PlyCount "73"]
[EventDate "2017.02.02"]
[EventType "swiss"]
[EventRounds "9"]
[EventCountry "ROU"]
[SourceTitle "CBM 176 Extra"]
[Source "ChessBase"]
[SourceDate "2017.03.02"]
[SourceVersion "1"]
[SourceVersionDate "2017.03.02"]
[SourceQuality "1"]

1. b3 c5 2. Bb2 e6 3. e3 Nf6 4. Nf3 d6 5. Nc3 a6 6. a4 b6 7. Be2 Be7 8. 0-0 0-0 9. Bd3 Bb7 10. Ng5 Nbd7 11. f4 Qc7 12. Qe1 h6 13. Nf3 e5 14. Qg3 exf4 15. Qxf4 Ne5 16. Nxe5 dxe5 17. Qf5 Bc8 18. Qf3 Bd6 19. Ne4 Nh7 20. Nxd6 Qxd6 21. Qxa8 Ng5 22. Rf2 Qd7 23. Bf5 Qc7 24. Bxc8 Rxc8 25. Qxa6 Ne4 26. Re2 Rd8 27. d3 Nf6 28. e4 Qd6 29. Qc4 Nh5 30. Rf2 Nf4 31. Bc1 Ne6 32. Be3 Nf4 33. Bxf4 exf4 34. Raf1 Qd4 35. Qxd4 Rxd4 36. Rxf4 Rd8 37. R1f2 1-0